| Registos Bibliográficos associados ao registo de autoridade |
|
Etiqueta de registo: 00230nam 2200025 450 001 1671750 003 http://id.bnportugal.gov.pt/bib/catbnp/1671750 010 ## $z9989-95126-0-5 021 ## $aPT$b245704/06 100 ## $a20071115d2006 m y0pory0103 ba 101 0# $apor 102 ## $aPT 105 ## $aa z 001yy 106 ## $ar 200 1# $a A vaca das cordas em Ponte de Lima$fLuís Dantas$gdes. Araújo Soares 210 #9 $a[S.l.]$cL. Dantas,$dD.L. 2006$eBraga :$gBarbosa & Xavier) 215 ## $a46, [1] p.$cil.$d21 cm 225 2# $aBaco 320 ## $aBibliografia, p. 41-43 675 ## $a398.1(469.111)$vBN$zpor$31310811 700 #1 $93$aDantas,$bLuís$3134770 702 #1 $aSoares,$bAraújo$4440$363366 801 #0 $aPT$bBN$gRPC 900 ## $aBIBNAC$d20130602 966 ## $lBN$mFGMON$sS.C. 109628 V.$x1 966 ## $lBN$mFGMON$sS.C. 109628 V.-D $x1
Etiqueta de registo: 00866ckm 2200253 450 001 523906 003 http://id.bnportugal.gov.pt/bib/catbnp/523906 005 19990103000000.0 095 ## $aPTBN00726959 100 ## $a19950503d1988 am d0pory0103 ba 101 0# $apor 102 ## $aPT 200 1# $aEstúrdia$bVisual gráfico]$fCâmara Municipal de Ponte de Lima... [et al.]$gdesign de Araújo Soares 210 #9 $aPonte de Lima$cC.M.,$d1988 215 ## $a1 cartaz$ccolor.$d63x47 cm 675 ## $a394.2(469.111)"1988"(084.5)$vBN$zpor$3342760 675 ## $a766(=1:469)"198"(084.5)$vBN$zpor$31302430 702 #1 $aSoares,$bAraújo$4410$363366 711 01 $aPonte de Lima.$bCâmara Municipal$4070$313534 801 #0 $aPT$bBN$gRPC 856 40 $uhttps://purl.pt/18466 856 41 $uhttps://purl.pt/18466/service/media/cover/low 958 ## $aBND$bInterno$cDigitalizado 966 ## $lBN$mICONOG$sCT. 7555 A.$x3
Etiqueta de registo: 01070ckm 2200289 450 001 340826 003 http://id.bnportugal.gov.pt/bib/catbnp/340826 005 20020213130500.0 095 ## $aPTBN00360581 100 ## $a19920408d1991 am a0pory0103 ba 101 0# $apor 102 ## $aPT 200 1# $aCeia de Natal no Alto Minho$bVisual gráfico]$eNatal 91$fRegião de Turismo do Alto Minho$g[design] Araújo Soares 210 #9 $a[Viana do Castelo]$cR.T.A.M.,$d1991 215 ## $a1 cartaz$ccolor.$d69x48 cm 317 ## $aColeção Madeira Luís$5PTBN: CT. 12531 A. 675 ## $a394.2(469.11)"1991"(084.5)$vBN$zpor$3487272 675 ## $a338.48(469)"199"(084.5)$vBN$zpor$3756775 675 ## $a766(=1:469)"199"(084.5)$vBN$zpor$3589138 702 #1 $aSoares,$bAraújo$4410$363366 710 01 $aPortugal.$bRegião de Turismo do Alto Minho$315242 801 #0 $aPT$bBN$gRPC 856 40 $uhttps://purl.pt/17871 856 41 $uhttps://purl.pt/17871/service/media/cover/low 958 ## $aBND$bInterno$cDigitalizado 966 ## $lBN$mICONOG$sCT. 6880 A.$x1 966 ## $lBN$mICONOG$pFrancisco Madeira Luís$sCT. 12531 A.$x3
Etiqueta de registo: 01117ckm 2200277 450 001 218004 003 http://id.bnportugal.gov.pt/bib/catbnp/218004 005 20010605153500.0 095 ## $aPTBN00225767 100 ## $a19900209d1989 am e0pory0103 ba 101 0# $apor 102 ## $aPT 200 1# $aEstúrdia$bVisual gráfico]$fCâmara Municipal de Ponte de Lima, Direcção Geral de Extensão Educativa de Ponte de
Lima$gdesign de Araújo Soares 210 #9 $aPonte Lima$cC.M.,$d1989 215 ## $a1 cartaz$ccolor.$d63x47 cm 330 ## $aPintura representando minhota, máscaras, instrumentos musicais, boi, rapaz, etc. 675 ## $a394.2(469.111)"1989"(084.5)$vBN$zpor$3392656 675 ## $a766(=1:469)"198"(084.5)$vBN$zpor$31302430 702 #1 $aSoares,$bAraújo$4410$363366 710 01 $aPonte de Lima.$bCâmara Municipal$313534 711 01 $aPortugal.$bDirecção Geral de Extensão Educativa.$bCoordenação Concelhia de Ponte de Lima$4070$359451 801 #0 $aPT$bBN$gRPC 856 40 $uhttps://purl.pt/15842 856 41 $uhttps://purl.pt/15842/service/media/cover/low 958 ## $aBND$bInterno$cDigitalizado 966 ## $lBN$mICONOG$sCT. 6010 A.$x1
Etiqueta de registo: 00943ckm 02200277 04500 001 198758 003 http://id.bnportugal.gov.pt/bib/catbnp/198758 005 20010927115000.0 095 ## $aPTBN00206308 100 ## $a19880801d1988 am y0pora0103 ba 101 0# $apor 102 ## $aPT 200 1# $aBordados do Lima$bVisual gráfico]$fCooperativa de Bordados de Serreleis$gdesign Araújo Soares 210 #9 $aSerreleis$cC.B.,$d[D.L. 1988] 215 ## $a1 cartaz$ccolor.$d69x48 cm 330 ## $aComposição com vários bordados sobrepostos 675 ## $a746(469.111)(084.5)$vBN$zpor$3396697 675 ## $a766(=1:469)"198"(084.5)$vBN$zpor$31302430 702 #1 $aSoares,$bAraújo$4410$363366 710 02 $aCooperativa de Bordados de Serreleis$35024 801 #0 $aPT$bBN$gRPC 856 40 $uhttps://purl.pt/11200 856 41 $uhttps://purl.pt/11200/service/media/cover/low 958 ## $aBND$bInterno$cDigitalizado 966 ## $lBN$mICONOG$sCT. 5401 A. 998 ## $aBN8821 - 00124
Etiqueta de registo: 00989ckm 02200277 04500 001 196246 003 http://id.bnportugal.gov.pt/bib/catbnp/196246 005 20010911152000.0 095 ## $aPTBN00203604 100 ## $a19880502d1988 am d0pora0103 ba 101 0# $apor 102 ## $aPT 200 1# $aEstúrdia$bVisual gráfico]$fCâmara Municipal de Ponte de Lima... [et al.]$gdesign de Araújo Soares 210 #9 $aPonte Lima$cC.M.,$d1988 215 ## $a1 cartaz$ccolor.$d63x47 cm 330 ## $aPintura representando minhota, máscaras, instrumentos musicais, boi, rapaz, etc. 675 ## $a394.2(469.111)"1988"(084.5)$vBN$zpor$3342760 675 ## $a766(=1:469)"198"(084.5)$vBN$zpor$31302430 702 #1 $aSoares,$bAraújo$4410$363366 711 01 $aPonte de Lima.$bCâmara Municipal$4070$313534 801 #0 $aPT$bBN$gRPC 856 40 $uhttps://purl.pt/11281 856 41 $uhttps://purl.pt/11281/service/media/cover/low 958 ## $aBND$bInterno$cDigitalizado 966 ## $lBN$mICONOG$sCT. 5313 A. 998 ## $aBN8819 - 00252
Etiqueta de registo: 00254nkm 2200109 450 001 1892332 003 http://id.bnportugal.gov.pt/bib/catbnp/1892332 100 ## $a20150113d1990 am y0pory0103 ba 101 0# $apor 102 ## $aPT 200 1# $aRomaria de N.ª Sr.ª D'Agonia, Viana do Castelo$bVisual gráfico]$f[il.] Araújo Soares 210 #9 $aViana do Castelo$c[s.n.],$d1990 215 ## $a1 cartaz$ccolor.$d69x48,5 cm 317 ## $aColeção Madeira Luís$5PTBN: CT. 12673 A. 330 ## $aRep. de pintura representando desfile com gaiteiros e minhotas vestidas com trajo
regional 532 12 $aRomaria de Nossa Senhora da Agonia 675 ## $a394.5/.6(469.111)"1990"(084.5)$vBN$zpor$3428183 675 ## $a338.48(469)"199"(084.5)$vBN$zpor$3756775 675 ## $a766(=1:469)"199"(084.5)$vBN$zpor$31285670 702 #1 $aSoares,$bAraújo$4440$363366 710 12 $aRomaria de Nossa Senhora da Agonia,$eViana do Castelo,$f1990$31597159 801 #0 $aPT$bBN$gRPC 966 ## $lBN$mICONOG$pFrancisco Madeira Luís$sCT. 12673 A.$x3 997 ## $aBIBEOD
Etiqueta de registo: 00000nkm 2200025 450 001 2251548 003 http://id.bnportugal.gov.pt/bib/catbnp/2251548 100 ## $a20260120d1994 m y0pory01030103ba 101 0# $apor 102 ## $aPT 200 1# $aVI Congresso de gastronomia do Minho, em Tempo de Natal, Viana do Castelo, 16, 17
e 18, dezembro, 1994$bVisual gráfico]$fAraújo Soares 210 #9 $a[S.l.$cs.n.],$d1994$eViana do Castelo :$gGutenberg ) 215 ## $a1 cartaz$ccolor.$d69x48 cm 675 ## $a766(=1:469)"199"(084.5)$vBN$zpor$3589138 702 #1 $aSoares,$bAraújo$4440$363366 710 02 $aCongresso de Gastronomia do Minho,$d6,$eViana do Castelo,$f1994$31980176 801 #0 $aPT$bBN$gRPC 966 ## $lBN$mICONOG$sCT. 16676 A.$x1 971 ## $cCaticonografia7$d20260120 972 ## $d20260421 $e1$vfpinelo$z0 995 ## $aPRR2026 $d20260120$iCaticonografia7
|
|
|